Central Library OPAC University of Rajshahi

সমকালীন আন্তর্জাতিক আইন / (Record no. 37726)

MARC details
000 -LEADER
fixed length control field 01169cam a2200313 a 4500
001 - CONTROL NUMBER
control field 37726
003 - CONTROL NUMBER IDENTIFIER
rucl marc code BD-RjUL
005 - DATE AND TIME OF LATEST TRANSACTION
control field 20211209052636.0
008 - FIXED-LENGTH DATA ELEMENTS--GENERAL INFORMATION
fixed length control field 150328s2008 bg gl 001 0 beno
020 ## - INTERNATIONAL STANDARD BOOK NUMBER
Canceled/invalid ISBN 98484660133
035 ## - SYSTEM CONTROL NUMBER
System control number (BD-RjUL)37830
040 ## - CATALOGING SOURCE
Original cataloging agency DLC
Transcribing agency DLC
Modifying agency DLC
-- BD-RjUL
Language of cataloging ben
041 0# - LANGUAGE CODE
Language code of text/sound track or separate title ben
082 ## - DEWEY DECIMAL CLASSIFICATION NUMBER
Edition number 21
Classification number 341
Author mark and year ALS 2008
100 ## - MAIN ENTRY--PERSONAL NAME
Personal name আলম, এম. শাহ
9 (RLIN) 116424
245 ## - TITLE STATEMENT
Title সমকালীন আন্তর্জাতিক আইন /
Statement of responsibility, etc. এম. শাহ আলম
246 1# - VARYING FORM OF TITLE
Title proper/short title Shomokalin antorjatik ain
Title proper/short title Contemporary international law
250 ## - EDITION STATEMENT
Edition statement ২য়. সং.
260 ## - PUBLICATION, DISTRIBUTION, ETC. (IMPRINT)
Place of publication, distribution, etc. ঢাকা :
Name of publisher, distributor, etc. নিউ ওয়ার্সী বুক কর্পোরেশন,
Date of publication, distribution, etc. ২০০৮.
300 ## - PHYSICAL DESCRIPTION
Pagination ২৬, ৪৩৮ পৃ.;
Size ২৫ সেমি.
500 ## - GENERAL NOTE
General note Includes index.
520 ## - SUMMARY, ETC.
Summary, etc. Subject compilation and articles on international laws as applicable to Bangladesh.
650 #0 - SUBJECT ADDED ENTRY--TOPICAL TERM
Topical term or geographic name as entry element আন্তর্জাতিক আইন
9 (RLIN) 116427
Topical term or geographic name as entry element International law
9 (RLIN) 116425
Topical term or geographic name as entry element International law
Geographic subdivision Bangladesh.
9 (RLIN) 116426
942 ## - ADDED ENTRY ELEMENTS (KOHA)
Source of classification or shelving scheme Dewey Decimal Classification
Koha item type Books
Holdings
Lost status Source of classification or shelving scheme Damaged status Not for loan Collection code Permanent Location Current Location Shelving location Date acquired Source of acquisition Cost, normal purchase price Total Checkouts Full call number Date last seen Date checked out Copy number Koha item type
  Dewey Decimal Classification     Non-fiction Central Library, University of Rajshahi Central Library, University of Rajshahi   27/05/2008 Kuntori Book Centre, Dhaka 0.00 28 B 341 ALS 2008 21/12/2025 10/12/2025 C-2 Books
  Dewey Decimal Classification   Not For Loan Non-fiction Central Library, University of Rajshahi Central Library, University of Rajshahi Reading Room 27/05/2008 Kuntori Book Centre, Dhaka 400.00   B 341 ALS 2008 27/12/2016   C-1 Books